|
|
|
|
| LEADER |
01004cam a2200277 7i4500 |
| 001 |
0000053786 |
| 005 |
20200828090000.0 |
| 020 |
|
|
|a 9783319688343 (electronic book)
|
| 090 |
0 |
0 |
|a RC488.5
|b .C62 2018
|
| 245 |
0 |
0 |
|a Clinical methods in medical family therapy
|c Tai Mendenhall [and three others].
|
| 264 |
|
1 |
|a Cham:
|b Sringer,
|c 2018.
|
| 300 |
|
|
|a 1 online resource (xxx, 617 pages):
|b text file, PDF.
|
| 336 |
|
|
|a text
|2 rdacontent
|
| 337 |
|
|
|a computer
|2 rdamedia
|
| 338 |
|
|
|a online resource
|2 rdacarrier
|
| 490 |
0 |
|
|a Focused issues in family therapy
|
| 650 |
|
0 |
|a Family psychotherapy
|
| 650 |
|
0 |
|a Family medicine
|
| 655 |
|
0 |
|a Electronic books
|
| 700 |
1 |
|
|a Mendenhall, Tai
|
| 700 |
1 |
|
|a Lamson, Angela
|
| 700 |
1 |
|
|a Hodgson, Jennifer
|
| 700 |
1 |
|
|a Baird, Macaran
|
| 856 |
4 |
2 |
|u http://library.unisel.edu.my/equip-unisel/custom/ebook_catalog/2018BookClinicalMethodsInMedicalFamilycompressed.pdf
|
| 997 |
|
|
|a Health Sciences, Faculty
|
| 999 |
|
|
|a EBO0000240
|b EBOOK
|c EBOOK
|e Electronic resources
|